000
00287nam a22001337a 4500
008
181122b xxu||||| |||| 00| 0 eng d
020
_a
0195041720
041
_a
eng
080
_a
371
100
_a
46
101
_a
EDU
245
_a
Composition Research
_c
Lauer, J.M
942
_2
udc
_c
BK
999
_c
52406
_d
52406